Statistics for All fnaf 1 rooms

Click here to take the quiz!

General Stats

  • This quiz has been taken 350 times
  • The average score is 8 of 15

Answer Stats

HintAnswer% Correct
Kitchen
80%
Type in fnaf to finish the quizFnaf
72%
Fnaf
72%
Fnaf
72%
Fnaf 1 roomsShow stage
64%
East hall
57%
West hall
57%
Office
53%
Pirates cove
50%
Backstage
48%
Party room
48%
Restrooms
41%
East hall corner
36%
Supply closet
36%
West hall corner
36%

Score Distribution

Percentile by Number Answered

Percent of People with Each Score

Your Score History

You have not taken this quiz